Govt. of
Madhya Pradesh

Principles and Problems of Idustrial Organization (Record no. 39481)

MARC details
000 -LEADER
fixed length control field 004930000a22001810004500
003 - CONTROL NUMBER IDENTIFIER
control field MACL
005 - DATE AND TIME OF LATEST TRANSACTION
control field 20160101130131.0
008 - FIXED-LENGTH DATA ELEMENTS--GENERAL INFORMATION
fixed length control field 160101b xxu||||| |||| 00| 0 eng d
040 ## - CATALOGING SOURCE
Original cataloging agency MACL
Transcribing agency MACL
041 ## - LANGUAGE CODE
Language code of text/sound track or separate title English
082 ## - DEWEY DECIMAL CLASSIFICATION NUMBER
Classification number 338.9/GHO
100 ## - MAIN ENTRY--PERSONAL NAME
Personal name Ghosh, Dr M K
9 (RLIN) 26300
245 ## - TITLE STATEMENT
Title Principles and Problems of Idustrial Organization
260 ## - PUBLICATION, DISTRIBUTION, ETC. (IMPRINT)
Name of publisher, distributor, etc. The Indian Press Publications Ltd
Date of publication, distribution, etc. 1953
Place of publication, distribution, etc. Allahabad
350 ## - PRICE (NR) (BK AM CF MU VM SE) [OBSOLETE]
Price 11
650 ## - SUBJECT ADDED ENTRY--TOPICAL TERM
Topical term or geographic name as entry element Production
9 (RLIN) 26301
942 ## - ADDED ENTRY ELEMENTS (KOHA)
Koha item type Books
Call number prefix 338.9/GHO
Source of classification or shelving scheme
Holdings
Withdrawn status Lost status Source of classification or shelving scheme Damaged status Not for loan Home library Current library Date acquired Total Checkouts Full call number Barcode Date last seen Uniform Resource Identifier Price effective from Koha item type
          MACL MACL 15/04/2015   338.9/GHO CLE008392 29/04/2015 39710 15/04/2015 Books